| 000 | 00410 a2200157 4500 | ||
|---|---|---|---|
| 999 |
_c12723 _d12723 |
||
| 003 | OSt | ||
| 005 | 20240722170013.0 | ||
| 008 | 240722b ||||| |||| 00| 0 eng d | ||
| 020 | _a9789492311450 | ||
| 082 | _a725 | ||
| 100 | _a Lorcan O’Herlihy Architects | ||
| 245 | _aArchitecture is a Social Act: Lorcan O'Herlihy Architects | ||
| 260 |
_bFrame Publishers BV _c2020 |
||
| 300 | _a272p; | ||
| 942 | _2ddc | ||